Discurso pronunciado por Don Niceto Alcalá Zamora en el Congreso de los Diputados el 20 de abril de 1914 sobre la conducta electoral del Gobierno. (Record no. 21468)

MARC details
000 -LEADER
campo de control de longitud fija 00700nam a2200181 i 4500
001 - NÚMERO DE CONTROL
campo de control 21468
003 - IDENTIFICADOR DE NÚMERO DE CONTROL
campo de control ES-MaACL
005 - FECHA Y HORA DE LA ÚLTIMA TRANSACCIÓN
campo de control 20231221152502.0
007 - CAMPO FIJO DE DESCRIPCIÓN FÍSICA--INFORMACIÓN GENERAL
campo de control de longitud fija t|
008 - DATOS DE LONGITUD FIJA--INFORMACIÓN GENERAL
campo de control de longitud fija 021125s1914 sp ||||1| spa d
100 1# - ENTRADA PRINCIPAL--NOMBRE DE PERSONA
Nombre de persona Alcalá Zamora, Niceto,
Fechas asociadas al nombre 1877-1949
9 (RLIN) 19473
245 10 - MENCIÓN DEL TÍTULO
Título Discurso pronunciado por Don Niceto Alcalá Zamora en el Congreso de los Diputados el 20 de abril de 1914 sobre la conducta electoral del Gobierno.
260 ## - PUBLICACIÓN, DISTRIBUCIÓN, ETC.
Lugar de publicación, distribución, etc. Madrid :
Nombre del editor, distribuidor, etc. [s.n.],
Fecha de publicación, distribución, etc. 1914 (
Fabricante Impr. La Prensa)
300 ## - DESCRIPCIÓN FÍSICA
Extensión 31 p. ;
Dimensiones 19 cm.
500 ## - NOTA GENERAL
Nota general En port.: Edición que el diario político La Prensa dedica á sus lectores.
852 ## - LOCALIZACIÓN
Ubicación ES-MaACL
Número de control de estantería T-1406-F-2
Nota libre .- Enc. en un vol. facticio
Holdings
Estatus retirado Estado de pérdida Fuente del sistema de clasificación o colocación Estado de daño No para préstamo Colección Biblioteca de origen Biblioteca actual Ubicación en estantería Fecha de adquisición Total de préstamos Signatura topográfica completa Código de barras Visto por última vez Precio de reemplazo Tipo de ítem Koha
    Clasificación decimal universal     Colección de folletos Biblioteca del Ateneo de Madrid Biblioteca del Ateneo de Madrid Depósito folletos 17/01/2008   T-1406-F-2 1022061 23/02/2023 23/02/2023 Folleto